| 000 | 00757nam a22002055i 4500 | ||
|---|---|---|---|
| 001 | 168027 | ||
| 003 | ES-MaACL | ||
| 005 | 20250822062557.0 | ||
| 008 | 051004q1902 sp | |||||||| ||spa d | ||
| 100 | 1 |
_aWundt, Wilhelm. _9117452 |
|
| 245 | 1 | 0 |
_aCompendio de psicología / _cpor Guillermo Wundt ; traducción por J. González Alonso. |
| 260 |
_aMadrid : _bLa España Moderna, _c[ca. 1902] ( _fImp. Avrial) |
||
| 300 |
_a452 p. ; _c23 cm. |
||
| 490 | 1 | _aBiblioteca de jurisprudencia, filosofía e historia | |
| 650 | 7 |
_aPsicología _2embne _916540 |
|
| 700 | 1 |
_aGonzález Alonso, José. _958412 |
|
| 830 | 1 | 0 |
_aBiblioteca de jurisprudencia, filosofía e historia _9180691 |
| 852 | 4 |
_aES-MaACL _jB-2227 _z- Enc. pasta española |
|
| 999 |
_c168027 _d168027 |
||